The biblical basis of missions. (Record no. 10184)

000 -LEADER
fixed length control field 00561nam a2200181 a 4500
001 - CONTROL NUMBER
control field :::00007969$&:&@@
003 - CONTROL NUMBER IDENTIFIER
control field OkBaRHE
005 - DATE AND TIME OF LATEST TRANSACTION
control field 20000607103340.0
008 - FIXED-LENGTH DATA ELEMENTS--GENERAL INFORMATION
fixed length control field s1979 j 000 0 eng u
040 ## - CATALOGING SOURCE
Transcribing agency
100 1# - MAIN ENTRY--PERSONAL NAME
Personal name Willis, Avery T.
245 14 - TITLE STATEMENT
Title The biblical basis of missions.
260 ## - PUBLICATION, DISTRIBUTION, ETC. (IMPRINT)
Place of publication, distribution, etc Nashville, TN., :
Name of publisher, distributor, etc Convention Press
Date of publication, distribution, etc c1979
300 ## - PHYSICAL DESCRIPTION
Extent 160 p. : illus. ;
Dimensions 20 cm.
650 ## - SUBJECT ADDED ENTRY--TOPICAL TERM
Topical term or geographic name as entry element Missions
General subdivision Biblical Teaching
942 ## - ADDED ENTRY ELEMENTS (KOHA)
Source of classification or shelving scheme
Koha item type Books
Copies
Full call number Price effective from Damaged status Copy number Date last seen Koha item type Lost status Withdrawn status Source of classification or shelving scheme Not for loan Date acquired Barcode Permanent Location Shelving location
BV 2073 .W5B52010-04-14 12010-04-14Books    2010-04-147969RHEMA Bible Training CollegeGeneral Stacks